00630nam a2200181Ia 4500952014500000999001700145003000400162005001700166008004100183040000900224082002000233100002800253245005300281250001200334260004600346300000900392942004700401 00102ddc40708ENTRANCEaMESbMEScCAREER CORNERd2019-02-20g150.00l0o378.1662 RIZ/Hp26196r2019-02-20 00:00:00w2019-02-20yREFzU7R4 c36620d36620OSt20210122154242.0190216s9999||||xx |||||||||||||| ||und|| coclc a378.1662bRIZ/H aRizzuto, James J 98387 0aHow To Prepare For The SAT II /cJames J Rizzuto a8th Ed. bGalgotia Publications,c2000.aNew Delhi: a516p cREF2ddch378.1662iRIZ/Hk378.1662mRIZ/H